000 01065nam a2200277Ia 4500
003 OSt
005 20221005110810.0
006 a|||||r|||| 00| 0
007 ta
008 221004b |||||||| |||| 00| 0 hin d
020 _a9788171788439 (hbk)
_c300
024 _a8540
037 _b282, 08/01/2014, Eastern Book Linkers
_cTextual
040 _aCRL
_cCRL
_bhin
041 _2hin
_ahin
082 _aY:1, 152M7
100 _aजोशी, पूरनचन्दª
_9624142
245 0 _aपरिवर्तन और विकास के सांस्कृतिक आयाम
246 _aParivartan aur vikās ke sāanskṛutik āyāma
260 _aनई दिल्ली
_bराजकमल प्रकाशन भारत
_c2009
300 _a244पृ0
_ccm.
490 _aFYUP Sociology DC-1
650 _aभारतीय-लोक साहित्य
942 _hY:1, 152M7
_cTEXL
_2cc
999 _c1019921
_d1019921